[Event "0pen Sesame"]
[Site "SchemingMind.com"]
[Date "2012.10.02"]
[Round "-"]
[White "Olli Ylönen"]
[Black "emvarela"]
[Result "0-1"]
[WhiteCountry "FIN"]
[BlackCountry "ARG"]
[WhiteElo "1841"]
[WhiteRD "55"]
[BlackElo "1761"]
[BlackRD "51"]
[GameID "318460"]

1. e4 e5 2. Nf3 Nc6 3. Bb5 a6 4. Ba4 Nf6 5. O-O Be7 6. Re1 b5 7. Bb3 O-O 8. c3 d5 9. exd5 Nxd5 10. Nxe5 Nxe5
11. Rxe5 c6 12. d4 Bd6 13. Re1 Qh4 14. g3 Qh3 15. Re4 g5 16. Qf1 Qxf1+ 17. Kxf1 Bf5 18. Nd2 Rae8 19. f3 Nf6 20. Rxe8 Rxe8
21. Kf2 g4 22. Bd1 h5 23. Nf1 gxf3 24. Bxf3 Be4 25. Bxe4 Nxe4+ 26. Kf3 Kg7 27. Bf4 Bxf4 28. Kxf4 Nf6 29. h3 Kg6 30. Nd2 Nd5+
31. Kf3 Re3+ 32. Kf2 f5 33. c4 bxc4 34. Nxc4 Re4 35. Rd1 Nb4 36. a3 Nc2 37. Ne5+ Kg5 38. Nxc6 Ne3 39. d5 Nxd1+ 40. Kf1 Nxb2
0-1

[Event "0pen Sesame"]
[Site "SchemingMind.com"]
[Date "2012.09.30"]
[Round "-"]
[White "Olli Ylönen"]
[Black "Scooter"]
[Result "1-0"]
[WhiteCountry "FIN"]
[BlackCountry "USA"]
[WhiteElo "1863"]
[WhiteRD "56"]
[BlackElo "1779"]
[BlackRD "47"]
[GameID "318461"]

1. e4 c6 2. d4 d5 3. e5 Bf5 4. Nf3 e6 5. Be2 Nd7 6. O-O c5 7. c4 dxc4 8. Na3 cxd4 9. Nxc4 b5 10. Nd6+ Bxd6
11. exd6 a6 12. Qxd4 Ngf6 13. Bf4 O-O 14. Nh4 Be4 15. Bf3 Bxf3 16. Nxf3 Re8 17. Rfe1 Ng4 18. Bg5 Ngf6 19. Rac1 Rc8 20. Rxc8 Qxc8
21. Ne5 Nxe5 22. Qxe5 Nd7 23. Qg3 f6 24. Rc1 Qa8 25. Bh6 g6 26. h4 Qd5 27. b3 Ne5 28. h5 g5 29. Bxg5 fxg5 30. Qxg5+ Kh8
31. Qf6+ Kg8 32. h6
1-0

[Event "0pen Sesame"]
[Site "SchemingMind.com"]
[Date "2012.10.01"]
[Round "-"]
[White "Olli Ylönen"]
[Black "kenneth m day"]
[Result "1-0"]
[WhiteCountry "FIN"]
[BlackCountry "USA"]
[WhiteElo "1893"]
[WhiteRD "56"]
[BlackElo "1754"]
[BlackRD "54"]
[GameID "318462"]

1. e4 e5 2. Nf3 Nc6 3. Bb5 a6 4. Ba4 Bc5 5. O-O Nge7 6. Nxe5 b5 7. Nxc6 Nxc6 8. Bb3 O-O 9. c3 Bb7 10. d4 Be7
11. d5 Ne5 12. Be3 d6 13. f4 Nd7 14. Nd2 c6 15. c4 cxd5 16. cxd5 Rc8 17. Rc1 Re8 18. Rxc8 Qxc8 19. Nf3 Bf6 20. e5 dxe5
21. fxe5 Nxe5 22. Nxe5 Bxe5 23. d6 Qd7 24. Bxf7+ Kh8 25. Bxe8 Qxe8 26. d7 Qd8 27. Rf8+ Qxf8 28. d8=Q
1-0

[Event "0pen Sesame"]
[Site "SchemingMind.com"]
[Date "2012.10.04"]
[Round "-"]
[White "Olli Ylönen"]
[Black "Holty"]
[Result "1-0"]
[WhiteCountry "FIN"]
[BlackCountry "ENG"]
[WhiteElo "1863"]
[WhiteRD "56"]
[BlackElo "1732"]
[BlackRD "58"]
[GameID "318463"]

1. e4 e5 2. Nf3 Nf6 3. d4 Nxe4 4. Bd3 d5 5. Nxe5 Bd6 6. O-O O-O 7. c4 Nc6 8. Nxc6 bxc6 9. c5 Nxc5 10. dxc5 Bxc5
11. Nd2 Bd6 12. Nf3 Bg4 13. h3 Bh5 14. g4 Bg6 15. Bxg6 hxg6 16. a3 c5 17. Kg2 c6 18. Qa4 Qc7 19. Be3 Rab8 20. Rab1 a5
21. Rfc1 Rfe8 22. Bxc5 Bf4 23. Rd1 Qd7 24. Qxa5 Rb5 25. Qa7 Qxa7 26. Bxa7 Rd8 27. Be3 Bc7 28. Nd4 Rb7 29. Nxc6 Rd7 30. Rxd5 Bd6
31. Na5 Rbc7 32. Rbd1
1-0

[Event "0pen Sesame"]
[Site "SchemingMind.com"]
[Date "2012.09.30"]
[Round "-"]
[White "Olli Ylönen"]
[Black "kubinet"]
[Result "1-0"]
[WhiteCountry "FIN"]
[BlackCountry "GER"]
[WhiteElo "1847"]
[WhiteRD "53"]
[BlackElo "1415"]
[BlackRD "50"]
[GameID "318464"]

1. e4 e5 2. Nf3 Nc6 3. d4 exd4 4. Nxd4 Bc5 5. Be3 Qf6 6. c3 Nge7 7. Bc4 Ne5 8. Be2 d6 9. f4 N5c6 10. O-O O-O
11. Qd2 Bd7 12. Kh1 Qg6 13. f5 Qf6 14. Bg5 Qe5 15. f6 Ng6 16. fxg7 Rfe8 17. Nb5 Rac8 18. N1a3 a6 19. Nc4 Qxe4 20. Bd3 Qd5
21. Nba3 b5 22. Bxg6 fxg6 23. Qxd5+
1-0

[Event "0pen Sesame"]
[Site "SchemingMind.com"]
[Date "2012.10.04"]
[Round "-"]
[White "e_castle3"]
[Black "Olli Ylönen"]
[Result "1/2-1/2"]
[WhiteCountry "PHI"]
[BlackCountry "FIN"]
[WhiteElo "1840"]
[WhiteRD "60"]
[BlackElo "1906"]
[BlackRD "55"]
[GameID "318465"]

1. e4 e5 2. Nf3 Nc6 3. Bb5 a6 4. Ba4 Nf6 5. O-O Be7 6. c3 Nxe4 7. Re1 Nc5 8. Bxc6 dxc6 9. Nxe5 Nd3 10. Nxd3 Qxd3
11. Re3 Qd5 12. Qe2 Qd8 13. d4 Be6 14. Rg3 g5 15. Nd2 h5 16. h3 Qd7 17. Qe5 O-O-O 18. Rd3 c5 19. Ne4 Bf5 20. Rd2 Bxe4
21. Qxe4 f5 22. Qe2 cxd4 23. Rxd4 Qe8 24. Rxd8+ Qxd8 25. Be3 f4 26. Bd4 Rh6 27. Re1 Rh7 28. Qe6+ Kb8 29. Re5 Qd6 30. Qxd6 cxd6
31. Re6 Kc7 32. Kf1 b5 33. Bf6 Kd7 34. Rxe7+ Rxe7 35. Bxe7 Kxe7=
1/2-1/2

[Event "0pen Sesame"]
[Site "SchemingMind.com"]
[Date "2012.10.04"]
[Round "-"]
[White "emvarela"]
[Black "Olli Ylönen"]
[Result "0-1"]
[WhiteCountry "ARG"]
[BlackCountry "FIN"]
[WhiteElo "1743"]
[WhiteRD "47"]
[BlackElo "1847"]
[BlackRD "53"]
[GameID "318466"]

1. e4 e5 2. Nf3 Nc6 3. Bb5 Nf6 4. O-O Bc5 5. c3 O-O 6. d4 Bb6 7. Bg5 h6 8. Bh4 d6 9. Bxc6 bxc6 10. dxe5 dxe5
11. Nxe5 g5 12. Bg3 Nxe4 13. Qxd8 Rxd8 14. Nxc6 Re8 15. Na3 f5 16. Nb5 f4 17. Bxf4 gxf4 18. Nbd4 Bxd4 19. Nxd4 Kh7 20. Rfe1 Bb7
21. f3 Ng5 22. Nb5 Rg8 23. Re7+ Rg7 24. Rxc7 Nxf3+ 25. Kf2 Nxh2 26. Rxg7+ Kxg7 27. Nd4 Ng4+ 28. Ke2 Bxg2 29. Rg1 Re8+ 30. Kd2 f3
0-1

[Event "0pen Sesame"]
[Site "SchemingMind.com"]
[Date "2012.09.30"]
[Round "-"]
[White "Scooter"]
[Black "Olli Ylönen"]
[Result "0-1"]
[WhiteCountry "USA"]
[BlackCountry "FIN"]
[WhiteElo "1779"]
[WhiteRD "47"]
[BlackElo "1863"]
[BlackRD "56"]
[GameID "318467"]

1. d4 Nf6 2. Bf4 g6 3. Nf3 Bg7 4. h3 c5 5. e3 Qb6 6. b3 Nc6 7. c3 Nd5 8. Bg3 Qa5 9. dxc5 Bxc3+ 10. Nxc3 Qxc3+
11. Nd2 Nxe3 12. Qc1 Nc2+ 13. Kd1 Qxa1 14. Qxa1 Nxa1 15. Kc1 Nxb3+ 16. axb3 b6 17. cxb6 axb6 18. Kb2 Ba6 19. Nc4 Bxc4 20. Bxc4 O-O
21. Rd1 d6
0-1

[Event "0pen Sesame"]
[Site "SchemingMind.com"]
[Date "2012.09.30"]
[Round "-"]
[White "kenneth m day"]
[Black "Olli Ylönen"]
[Result "0-1"]
[WhiteCountry "USA"]
[BlackCountry "FIN"]
[WhiteElo "1794"]
[WhiteRD "51"]
[BlackElo "1847"]
[BlackRD "53"]
[GameID "318468"]

1. e4 e5 2. Nf3 Nc6 3. c3 Nf6 4. d4 exd4 5. e5 Ne4 6. Qe2 f5 7. exf6 d5 8. Nbd2 Qxf6 9. Nxe4 dxe4 10. Qxe4+ Qe6
11. Bd3 dxc3 12. Qxe6+ Bxe6 13. bxc3 O-O-O 14. Be2 h6 15. O-O g5 16. Be3 Bg7 17. Rfc1 g4 18. Nh4 h5 19. Ng6 Rhg8 20. Nf4 Bf7
21. a3 a6 22. Rab1 Be5 23. c4 Nd4 24. Bxd4 Rxd4 25. Nd3 Bxc4 26. Nxe5 Bxe2 27. Re1 Re4 28. Nf7 Rf8 29. Ng5 Re5 30. Rb2 Rfe8
31. Nf7 R5e7 32. h3 Rxf7 33. Rbxe2 Rxe2 34. Rxe2 gxh3 35. g3 c5 36. Kh2 Rf3 37. Kxh3 Rxa3 38. f4 c4 39. Kh4 Rf3 40. Rg2 c3
41. Kxh5 b5 42. Kg4 Rf1 43. f5 b4 44. Kg5 b3 45. f6 c2
0-1

[Event "0pen Sesame"]
[Site "SchemingMind.com"]
[Date "2012.09.30"]
[Round "-"]
[White "Holty"]
[Black "Olli Ylönen"]
[Result "0-1"]
[WhiteCountry "ENG"]
[BlackCountry "FIN"]
[WhiteElo "1732"]
[WhiteRD "58"]
[BlackElo "1863"]
[BlackRD "56"]
[GameID "318469"]

1. e4 e5 2. Nf3 Nc6 3. d4 exd4 4. Nxd4 Nf6 5. Nxc6 bxc6 6. e5 Qe7 7. Qe2 Nd5 8. Bd2 Rb8 9. b3 Nb4 10. Bxb4 Qxb4+
11. Qd2 Qe4+ 12. Qe2 Qf5 13. c3 g5 14. g3 Rb5 15. g4 Qxe5 16. Qxe5+ Rxe5+ 17. Be2 Ba6 18. c4 Bb4+ 19. Kd1 d5 20. a3 Bd6
21. Re1 dxc4 22. bxc4 O-O 23. Nd2 f5 24. Nf3 Rc5 25. Rc1 fxg4 26. Nxg5 Rxg5 27. Rg1 Bxh2 28. Rg2 Bf4 29. Rc2 Rd8+ 30. Ke1 h5
31. Kf1 Kh7 32. Rc3 Rd4 33. f3 gxf3 34. Bxf3 Rxg2 35. Kxg2 Rxc4 36. Rxc4 Bxc4 37. Bxh5 c5 38. Kf3 Bc1 39. a4 Bb3 40. a5 Bd1+
0-1

[Event "0pen Sesame"]
[Site "SchemingMind.com"]
[Date "2012.09.30"]
[Round "-"]
[White "kubinet"]
[Black "Olli Ylönen"]
[Result "1-0"]
[WhiteCountry "GER"]
[BlackCountry "FIN"]
[WhiteElo "1449"]
[WhiteRD "57"]
[BlackElo "1841"]
[BlackRD "55"]
[GameID "318470"]

1. e4 e5 2. Nf3 Nf6 3. Nxe5 d6 4. Nf3 Nxe4 5. d4 d5 6. Bd3 Nc6 7. O-O Be7 8. Re1 Bg4 9. c3 f5 10. h3 Bh5
11. Nbd2 O-O 12. Nf1 Bh4 13. g3 Be7 14. N1h2 Bd6 15. Qb3 Qd7 16. Kg2 Na5 17. Qc2 c5 18. dxc5 Bxc5 19. Be3 Bxe3 20. Rxe3 Nc4
21. Re2 b5 22. Ree1 a6 23. b3 Ncd6 24. Nd2 Nxd2 25. Qxd2 Ne4 26. Qb2 Nc5 27. Rad1 Bxd1 28. Rxd1 Nxd3 29. Rxd3 g6 30. Nf3 h6
31. Qd2 Qg7 32. Rxd5 Rfc8 33. Rd4 Kh7 34. Rd7 Rd8 35. Rxd8 Rxd8 36. Qe3 Rc8 37. Nd4 h5 38. h4 Qh6 39. Qd3 Qc1 40. Ne2 Qa3
41. Qd7+ Kh6 42. Qxc8 Qxa2 43. Qh8#
1-0

[Event "0pen Sesame"]
[Site "SchemingMind.com"]
[Date "2012.10.04"]
[Round "-"]
[White "keen"]
[Black "e_castle3"]
[Result "0-1"]
[WhiteCountry "SCO"]
[BlackCountry "PHI"]
[WhiteElo "1718"]
[WhiteRD "60"]
[BlackElo "1824"]
[BlackRD "65"]
[GameID "318573"]

1. e4 Nc6 2. d4 d5 3. Nc3 e6 4. Bb5 Ne7 5. Nf3 a6 6. Ba4 b5 7. Bb3 Bb7 8. O-O dxe4 9. Ng5 Nxd4 10. Ngxe4 Nxb3
11. axb3 Qxd1 12. Rxd1 Nf5 13. Bf4 b4 14. Ne2 Bxe4 15. c3 c5 16. Rd2 Be7 17. Ng3 Nxg3 18. Bxg3 h5
0-1

[Event "0pen Sesame"]
[Site "SchemingMind.com"]
[Date "2012.10.02"]
[Round "-"]
[White "keen"]
[Black "emvarela"]
[Result "0-1"]
[WhiteCountry "SCO"]
[BlackCountry "ARG"]
[WhiteElo "1729"]
[WhiteRD "63"]
[BlackElo "1757"]
[BlackRD "48"]
[GameID "318574"]

1. e4 e5 2. Nf3 Nc6 3. Bb5 f5 4. d3 fxe4 5. dxe4 a6 6. Ba4 b5 7. Bb3 d6 8. h3 h6 9. O-O Nf6 10. Re1 Qe7
11. c3 Be6 12. Nbd2 Bxb3 13. Qxb3 Qf7 14. Qc2 Be7 15. Nf1 O-O 16. Ne3 Rad8 17. Nf5 d5 18. Bxh6 Nxe4 19. Nxg7 Rd6 20. Qc1 Nxf2
21. Rf1 Nxh3+ 22. Kh1 Nf4 23. Nxe5 Rxh6+ 24. Kg1 Ne2#
0-1

[Event "0pen Sesame"]
[Site "SchemingMind.com"]
[Date "2012.10.01"]
[Round "-"]
[White "keen"]
[Black "Scooter"]
[Result "1-0"]
[WhiteCountry "SCO"]
[BlackCountry "USA"]
[WhiteElo "1705"]
[WhiteRD "61"]
[BlackElo "1779"]
[BlackRD "47"]
[GameID "318575"]

1. e4 c6 2. d4 d5 3. Nc3 dxe4 4. Nxe4 Bf5 5. Ng3 Bg6 6. Nf3 Nd7 7. Bd3 Bxd3 8. Qxd3 Ngf6 9. O-O e6 10. Re1 Be7
11. c4 Qc7 12. b3 O-O-O 13. Bb2 Bb4 14. Re2 Qa5 15. a3 Bd6 16. b4 Qc7 17. b5 Bxg3 18. hxg3 Nc5 19. Qc2 Nce4 20. Rxe4 Nxe4
21. Qxe4 Qd6 22. Ne5 Rdf8 23. bxc6 bxc6 24. Nxc6
1-0

[Event "0pen Sesame"]
[Site "SchemingMind.com"]
[Date "2012.10.01"]
[Round "-"]
[White "keen"]
[Black "Olli Ylönen"]
[Result "0-1"]
[WhiteCountry "SCO"]
[BlackCountry "FIN"]
[WhiteElo "1718"]
[WhiteRD "60"]
[BlackElo "1893"]
[BlackRD "56"]
[GameID "318576"]

1. d4 Nf6 2. e3 g6 3. Bd3 Bg7 4. Nd2 O-O 5. f4 d6 6. h3 Nbd7 7. Ngf3 c5 8. c3 Nd5 9. Ne4 b6 10. O-O Bb7
11. Ng3 cxd4 12. cxd4 e6 13. e4 N5f6 14. Be3 Re8 15. Nd2 e5 16. f5 exd4 17. Bxd4 d5 18. fxg6 hxg6 19. exd5 Bxd5 20. Rc1 Ne5
21. Bb5 Bxa2 22. Qa4 Nd3 23. Bxd3 Nh5 24. Ne2 Rxe2 25. Nf3 Bxd4+ 26. Nxd4 Qg5 27. Nxe2 Qe3+ 28. Kh1 Bd5 29. Qc2 Qxh3+
0-1

[Event "0pen Sesame"]
[Site "SchemingMind.com"]
[Date "2012.10.01"]
[Round "-"]
[White "keen"]
[Black "kenneth m day"]
[Result "0-1"]
[WhiteCountry "SCO"]
[BlackCountry "USA"]
[WhiteElo "1718"]
[WhiteRD "60"]
[BlackElo "1754"]
[BlackRD "54"]
[GameID "318577"]

1. e4 e5 2. Nf3 Nc6 3. Bb5 a6 4. Ba4 Nf6 5. O-O b5 6. Bb3 d6 7. Re1 Be7 8. c3 O-O 9. d4 Bg4 10. Nbd2 exd4
11. h3 Bxf3 12. Nxf3 dxc3 13. bxc3 Ne5 14. Nxe5 dxe5 15. Bb2 c5 16. Bc2 c4 17. Qe2 Bc5 18. Rad1 Qb6 19. Bc1 Rad8 20. Bg5 h6
21. Bh4 Rd6 22. Rxd6 Qxd6 23. Rd1 Qb6 24. Qf3 Qe6 25. Rd2 Be7 26. Bg3 Nd7 27. Qe2 Rd8 28. Qd1 Bf6 29. Rd6 Qe7 30. f4 exf4
31. Bxf4 Bxc3 32. Qd3 Bb4 33. Qg3 Bxd6
0-1

[Event "0pen Sesame"]
[Site "SchemingMind.com"]
[Date "2012.10.05"]
[Round "-"]
[White "keen"]
[Black "Holty"]
[Result "1-0"]
[WhiteCountry "SCO"]
[BlackCountry "ENG"]
[WhiteElo "1718"]
[WhiteRD "60"]
[BlackElo "1708"]
[BlackRD "55"]
[GameID "318578"]

1. d4 d5 2. Nf3 Nf6 3. Bg5 e6 4. Nc3 Nbd7 5. e3 Bd6 6. Bd3 h6 7. Bh4 c6 8. Qe2 Qc7 9. O-O-O b6 10. Kb1 g5
11. Bg3 Bxg3 12. hxg3 Bb7 13. Nxg5 Rg8 14. Nf3 Rh8 15. Rh4 O-O-O 16. Ba6 Rdg8 17. Bxb7+ Qxb7 18. Ne5 Nxe5 19. dxe5 Nd7 20. f4 Rxg3
21. Rdh1 Rhg8 22. R1h2 a5 23. Rxh6 b5 24. Rh8 Kc7 25. Rxg8 Rxg8 26. g4 Nb6 27. Rh7 Rf8 28. Qh2 b4 29. Nd1 c5 30. Qh5 Kc6
31. g5 Nd7 32. Rxf7 Qc8 33. g6 Rh8 34. Qg4 Re8 35. Rh7 Rg8 36. Qxe6+ Kc7 37. Rxd7+ Qxd7 38. Qxg8 Qg4 39. Kc1 d4 40. Qf7+
1-0

[Event "0pen Sesame"]
[Site "SchemingMind.com"]
[Date "2012.10.06"]
[Round "-"]
[White "keen"]
[Black "kubinet"]
[Result "1-0"]
[WhiteCountry "SCO"]
[BlackCountry "GER"]
[WhiteElo "1718"]
[WhiteRD "60"]
[BlackElo "1652"]
[BlackRD "55"]
[GameID "318579"]

1. d4 Nf6 2. c4 e6 3. Nf3 b6 4. g3 Bb7 5. Bg2 Be7 6. Nc3 O-O 7. O-O d5 8. cxd5 exd5 9. a3 c5 10. dxc5 bxc5
11. Qb3 Bc6 12. Ne5 c4 13. Qc2 Bb7 14. Rd1 Qd6 15. Nxc4 Qc5 16. Na4 Qc7 17. Ne3 Rd8 18. Qxc7
1-0

[Event "0pen Sesame"]
[Site "SchemingMind.com"]
[Date "2012.10.04"]
[Round "-"]
[White "e_castle3"]
[Black "keen"]
[Result "0-1"]
[WhiteCountry "PHI"]
[BlackCountry "SCO"]
[WhiteElo "1840"]
[WhiteRD "60"]
[BlackElo "1729"]
[BlackRD "63"]
[GameID "318580"]

1. e4 e6 2. d4 d5 3. exd5 exd5 4. Nf3 Nf6 5. Be2 Bg4 6. O-O Bd6 7. Bg5 Nbd7 8. Nc3 c6 9. Re1 O-O 10. Ne5 Bxe2
11. Rxe2 Re8 12. Nxd7 Qxd7 13. Bxf6 gxf6 14. Qd3 Rxe2 15. Nxe2 Qg4 16. Ng3 Re8 17. Nf5 Bf4 18. Ne3 Qg5 19. Nf5 Re4 20. Ng3 h5
21. Nxe4 dxe4 22. Qxe4 h4 23. Re1 Kg7 24. c4 h3 25. d5 Be5 26. b3 Bd4 27. d6 Qd2 28. Qe2 Qg5 29. g3 Qf5 30. Qe4 Qxf2+
31. Kh1 Be3 32. d7 Qxe1#
0-1

[Event "0pen Sesame"]
[Site "SchemingMind.com"]
[Date "2012.10.02"]
[Round "-"]
[White "emvarela"]
[Black "keen"]
[Result "0-1"]
[WhiteCountry "ARG"]
[BlackCountry "SCO"]
[WhiteElo "1757"]
[WhiteRD "48"]
[BlackElo "1729"]
[BlackRD "63"]
[GameID "318581"]

1. e4 e6 2. d4 d5 3. Nc3 Nf6 4. e5 Nfd7 5. f4 c5 6. Nf3 Nc6 7. Be3 cxd4 8. Nxd4 a6 9. Qd2 Bb4 10. a3 Ba5
11. Nxc6 bxc6 12. b4 Bb6 13. Bxb6 Nxb6 14. Be2 O-O 15. O-O Qc7 16. Bd3 Bb7 17. Rae1 c5 18. f5 cxb4 19. axb4 Nc4 20. Bxc4 Qxc4
21. Rf4 Qc6 22. fxe6 Qxe6 23. Qd3 Rac8 24. Na4 Qc6 25. Nc5 Ba8 26. Qd4 a5 27. e6 axb4 28. exf7+ Rxf7 29. Rxf7 Kxf7 30. Qf4+ Kg8
31. Ne6 d4 32. Qg3 Qd7 33. Re5 Rxc2 34. Nf4 Rc1+ 35. Kf2 Qf7 36. Ke2 Qa2+
0-1

[Event "0pen Sesame"]
[Site "SchemingMind.com"]
[Date "2012.10.01"]
[Round "-"]
[White "Scooter"]
[Black "keen"]
[Result "1-0"]
[WhiteCountry "USA"]
[BlackCountry "SCO"]
[WhiteElo "1779"]
[WhiteRD "47"]
[BlackElo "1705"]
[BlackRD "61"]
[GameID "318582"]

1. d4 d5 2. Nf3 Nf6 3. Bf4 e6 4. e3 c5 5. c3 Nc6 6. Bb5 Bd7 7. O-O Be7 8. Nbd2 O-O 9. Bxc6 Bxc6 10. Ne5 Bb5
11. c4 Ba6 12. Re1 dxc4 13. Ndxc4 cxd4 14. Qxd4 Rc8 15. Qxd8 Rfxd8 16. b3 Nd5 17. Bg3 f6 18. Nf3 Bxc4 19. bxc4 Rxc4 20. Nd4 e5
21. Nf5 Bf8 22. Red1 Rcc8 23. h3 Nb6 24. Rab1 g6 25. Nh4 Be7 26. Rbc1 Rxc1 27. Rxc1 Rc8 28. Rb1 Rc2 29. a4 Rc7 30. a5 Nd7
31. Nf3 b6 32. a6 Nc5 33. Ra1 Nb3 34. Rd1 Nc5 35. Nd4 Nxa6 36. Nb5 Nb4 37. Nxc7
1-0

[Event "0pen Sesame"]
[Site "SchemingMind.com"]
[Date "2012.10.02"]
[Round "-"]
[White "Olli Ylönen"]
[Black "keen"]
[Result "1-0"]
[WhiteCountry "FIN"]
[BlackCountry "SCO"]
[WhiteElo "1893"]
[WhiteRD "56"]
[BlackElo "1718"]
[BlackRD "60"]
[GameID "318583"]

1. e4 e6 2. d4 d5 3. Nc3 Nf6 4. Bg5 Be7 5. e5 Nfd7 6. h4 c5 7. Bxe7 Qxe7 8. Nb5 Qd8 9. Nd6+ Ke7 10. Qg4 Rg8
11. Qh5 Qf8 12. Nf3 Nc6 13. dxc5 Nxc5 14. Ng5 g6 15. Qxh7 Rg7 16. Qh6 Nxe5 17. Nh7 Qh8 18. Nxc8+ Rxc8 19. Qg5+ Kd6 20. Nf6 Ned7
21. Nxd7 Kxd7 22. Bb5+ Kc7 23. Qe5+ Kd8 24. Qd6+
1-0

[Event "0pen Sesame"]
[Site "SchemingMind.com"]
[Date "2012.10.02"]
[Round "-"]
[White "kenneth m day"]
[Black "keen"]
[Result "0-1"]
[WhiteCountry "USA"]
[BlackCountry "SCO"]
[WhiteElo "1754"]
[WhiteRD "54"]
[BlackElo "1718"]
[BlackRD "60"]
[GameID "318584"]

1. e4 e5 2. Nf3 Nc6 3. c3 Nf6 4. d4 exd4 5. e5 Nd5 6. Qb3 Nb6 7. cxd4 Be7 8. Bd3 d6 9. Bf4 Be6 10. Qd1 O-O
11. O-O Nd5 12. Bg3 Ndb4 13. Nc3 Nxd3 14. Qxd3 Qd7 15. Bf4 Bf5 16. Qe3 Rfe8 17. Rac1 dxe5 18. dxe5 Bb4 19. Rfd1 Qe6 20. Nd5 Rac8
21. a3 Ba5 22. Ng5 Qg6 23. h4 Ne7 24. Nxe7+ Rxe7 25. Qxa7 Bb6 26. Qxb7 h6 27. Nf3 Rce8 28. Qa6 Bxf2+ 29. Kxf2 Qxa6
0-1

[Event "0pen Sesame"]
[Site "SchemingMind.com"]
[Date "2012.10.06"]
[Round "-"]
[White "Holty"]
[Black "keen"]
[Result "0-1"]
[WhiteCountry "ENG"]
[BlackCountry "SCO"]
[WhiteElo "1708"]
[WhiteRD "55"]
[BlackElo "1718"]
[BlackRD "60"]
[GameID "318585"]

1. e4 e6 2. d4 d5 3. e5 c5 4. Nf3 Nc6 5. c3 Qb6 6. Qc2 cxd4 7. cxd4 Nxd4 8. Qa4+ Nc6 9. Bb5 Bd7 10. Be3 Qc7
11. O-O a6 12. Bxc6 Bxc6 13. Qb3 Ne7 14. Bb6 Qd7 15. Nd4 Ba4 16. Qf3 Nc6 17. Qg3 Nxd4 18. Bxd4 g6 19. Nc3 Bc6 20. a3 Bg7
21. Rfe1 O-O 22. Rac1 Rac8 23. Bc5 Rfe8 24. Rcd1 Qc7 25. Bd6 Qb6 26. b4 Bf8 27. Bxf8 Rxf8 28. Rb1 d4 29. Ne4 Bxe4 30. Rxe4 Rc3
31. Qf4 Rd8 32. Qd2 Qc6 33. h3 Qxe4 34. Re1 Qc6 35. Kf1 Qc4+ 36. Kg1 Rc8 37. h4 Rc1 38. Kh2 Rxe1 39. Qxe1 d3 40. Qd2 Qc2
0-1

[Event "0pen Sesame"]
[Site "SchemingMind.com"]
[Date "2012.10.06"]
[Round "-"]
[White "kubinet"]
[Black "keen"]
[Result "0-1"]
[WhiteCountry "GER"]
[BlackCountry "SCO"]
[WhiteElo "1652"]
[WhiteRD "55"]
[BlackElo "1718"]
[BlackRD "60"]
[GameID "318586"]

1. e4 c5 2. Nf3 e6 3. d4 cxd4 4. Nxd4 a6 5. Nc3 Qc7 6. Bd3 d6 7. O-O Nf6 8. Bg5 Be7 9. Qd2 Nbd7 10. f4 h6
11. Bxf6 Nxf6 12. Rad1 Qc5 13. Qf2 Ng4 14. Qg3 Qxd4+ 15. Kh1 Ne3 16. Rde1 Nxf1 17. Rxf1 O-O
0-1

[Event "0pen Sesame"]
[Site "SchemingMind.com"]
[Date "2012.10.04"]
[Round "-"]
[White "smothered mate"]
[Black "e_castle3"]
[Result "1-0"]
[WhiteCountry "POL"]
[BlackCountry "PHI"]
[WhiteElo "2033"]
[WhiteRD "57"]
[BlackElo "1824"]
[BlackRD "65"]
[GameID "318624"]

1. e4 Nc6 2. d4 d5 3. Nc3 e6 4. e5 a6 5. Nf3 h6 6. Be2 Bd7 7. O-O g5 8. h3 Bg7 9. a3 Nge7 10. Bd3 Ng6
11. Ne2 Qe7 12. Ng3 O-O-O 13. Nh5 Rhg8 14. c3 Kb8 15. Qc2 Bh8 16. b4 Na7 17. Nh2 f5 18. exf6 Bxf6 19. Bxg6
1-0

[Event "0pen Sesame"]
[Site "SchemingMind.com"]
[Date "2012.10.03"]
[Round "-"]
[White "smothered mate"]
[Black "keen"]
[Result "1-0"]
[WhiteCountry "POL"]
[BlackCountry "SCO"]
[WhiteElo "2034"]
[WhiteRD "62"]
[BlackElo "1705"]
[BlackRD "61"]
[GameID "318625"]

1. e4 e6 2. c4 d5 3. cxd5 exd5 4. Qb3 Nf6 5. Nc3 Bc5 6. exd5 O-O 7. Be2 Re8 8. Nf3 b6 9. O-O Bb7 10. d4 Bd6
11. Bg5 h6 12. Bh4 g5 13. Bg3 Bxg3 14. fxg3 Nxd5 15. Ne5 Re7 16. Bf3 c6 17. Bh5 Kg7 18. Rxf7+ Rxf7 19. Nxf7 Qe7 20. Ne5 Nd7
21. Re1 N7f6 22. Qc2
1-0

[Event "0pen Sesame"]
[Site "SchemingMind.com"]
[Date "2012.10.04"]
[Round "-"]
[White "smothered mate"]
[Black "emvarela"]
[Result "1-0"]
[WhiteCountry "POL"]
[BlackCountry "ARG"]
[WhiteElo "2022"]
[WhiteRD "58"]
[BlackElo "1761"]
[BlackRD "51"]
[GameID "318626"]

1. e4 e5 2. Nc3 Nf6 3. f4 d5 4. fxe5 Nxe4 5. Nf3 Be7 6. Qe2 f5 7. exf6 Nxf6 8. d4 O-O 9. Bd2 Bf5 10. O-O-O Re8
11. Ne5 Bd6 12. h3 Bxe5 13. dxe5 Ne4 14. g4 Nxc3 15. Bxc3 Be6 16. Bg2 c6 17. h4 Qd7 18. Bf3 b5 19. Bb4 a5 20. Bd6 Na6
21. Rdg1 c5 22. Qd2 Rac8 23. Qxa5 Nb4 24. Bxc5 Nxc2 25. Kxc2 Rxc5+ 26. Kb1 Rec8 27. Rc1 Rxc1+ 28. Rxc1 Rxc1+ 29. Kxc1 Bxg4 30. Qa8+ Kf7
31. Qxd5+ Qxd5 32. Bxd5+ Ke7 33. b4 h6 34. Kd2 Be6 35. Bxe6 Kxe6 36. h5 Kxe5 37. Kc3 Kf5 38. a4 bxa4 39. b5 Ke5 40. Kb4
1-0

[Event "0pen Sesame"]
[Site "SchemingMind.com"]
[Date "2012.10.02"]
[Round "-"]
[White "smothered mate"]
[Black "Scooter"]
[Result "1-0"]
[WhiteCountry "POL"]
[BlackCountry "USA"]
[WhiteElo "2034"]
[WhiteRD "62"]
[BlackElo "1779"]
[BlackRD "47"]
[GameID "318627"]

1. e4 c6 2. d4 d5 3. exd5 cxd5 4. c4 Nf6 5. Nc3 e6 6. Bg5 Be7 7. Nf3 Nbd7 8. Rc1 O-O 9. c5 a6 10. Bd3 h6
11. Bf4 b5 12. c6 Nb6 13. c7 Qd7 14. Ne5 Qe8 15. Bb1 Nc4 16. Qd3 Nxb2 17. Qh3 Bd6 18. Bxh6 gxh6 19. Qxh6 Qe7 20. Ng4
1-0

[Event "0pen Sesame"]
[Site "SchemingMind.com"]
[Date "2012.10.07"]
[Round "-"]
[White "smothered mate"]
[Black "Olli Ylönen"]
[Result "1-0"]
[WhiteCountry "POL"]
[BlackCountry "FIN"]
[WhiteElo "1982"]
[WhiteRD "55"]
[BlackElo "1847"]
[BlackRD "53"]
[GameID "318628"]

1. e4 e5 2. Nc3 Nf6 3. f4 d5 4. fxe5 Nxe4 5. Nf3 Be7 6. Qe2 Nxc3 7. bxc3 O-O 8. d4 f6 9. Bf4 fxe5 10. Bxe5 Nd7
11. Bg3 Nf6 12. c4 Bb4+ 13. Kd1 Ne4 14. Qd3 Bg4 15. cxd5 Qxd5 16. Qc4 Bxf3+ 17. gxf3 Nc3+ 18. Kc1 Qxc4 19. Bxc4+ Kh8 20. a3 Ba5
21. Rf1 c6= 22. Be1 b5 23. Bb3 Ne2+ 24. Kb2 Bxe1 25. Raxe1 Nxd4 26. Re3 Nxb3 27. cxb3 Rae8 28. Rc3 Re6 29. b4 g6 30. Rfc1 Re2+
31. R1c2 Rxc2+ 32. Kxc2 Rf6 33. Re3 Kg7 34. Re7+ Rf7 35. Re3 g5 36. Kc3 Rd7 37. Re6 Rf7 38. Re3 Rd7 39. Re5 h6 40. Rf5 Rd5
41. Rxd5 cxd5 42. Kd4 Kf6 43. Kxd5 Kf5 44. Kc5 Kf4 45. Kxb5 Kxf3 46. Ka6 Kg2 47. Kxa7 Kxh2 48. b5 g4 49. b6 g3 50. b7 g2
51. b8=Q+ Kh1 52. Qb7 Kh2 53. Qc7+ Kh1 54. Qc6 h5 55. Qe4
1-0

[Event "0pen Sesame"]
[Site "SchemingMind.com"]
[Date "2012.10.03"]
[Round "-"]
[White "smothered mate"]
[Black "kenneth m day"]
[Result "1-0"]
[WhiteCountry "POL"]
[BlackCountry "USA"]
[WhiteElo "2016"]
[WhiteRD "53"]
[BlackElo "1752"]
[BlackRD "52"]
[GameID "318629"]

1. e4 e5 2. Nc3 Nf6 3. f4 d5 4. fxe5 Nxe4 5. Nf3 Be7 6. Qe2 Nxc3 7. bxc3 O-O 8. d4 b6 9. Qf2 c5 10. Be2 Nc6
11. O-O Bf5 12. Ba3 Bd7 13. c4 cxd4 14. Bxe7 Qxe7 15. cxd5 Nxe5 16. Qxd4 Rfe8 17. d6 Qf6 18. Qd2 Nxf3+ 19. Bxf3 Rac8 20. Bd5 Qe5
21. Bxf7+ Kh8 22. Bxe8 Rxe8 23. Rae1 Qc5+ 24. Kh1 Rxe1 25. Rxe1 h6 26. h3 Qc6 27. Re7 Qb5 28. Qd4 Qf1+ 29. Kh2
1-0